| 000 | 00763nam a2200241Ia 4500 | ||
|---|---|---|---|
| 005 | 20260429112027.0 | ||
| 008 | 260429s9999||||xx |||||||||||||| ||und|| | ||
| 020 | _a9783031348761 | ||
| 041 | _aEnglish | ||
| 082 |
_a515.35 _bBEN |
||
| 100 | _aBenchohra, Mouffak | ||
| 245 | 0 |
_aFractional differential equations : _bnew advancements for generalized fractional derivatives / _cMouffak Benchohra |
|
| 260 |
_aSwitzerland : _bSpringer, _c2023. |
||
| 300 | _axi, 190 p.; hb | ||
| 440 | _aSynthesis lectures on mathematics and statistics | ||
| 650 | _a Differential equations | ||
| 650 | _a Mathematical analysis | ||
| 650 | _aMathematics | ||
| 700 | _a Karapinar, Erdal | ||
| 700 | _a Lazreg, Jamal Eddine | ||
| 700 | _a Salim, Abdelkrim | ||
| 942 | _cTB | ||
| 999 |
_c51961 _d51961 |
||